000 02049cam a22004694i 4500
003 PE-LiUPU
005 20250731172945.0
008 150623s1993 ne rb 000 0 eng d
020 _a9023227387
035 _a(Sirsi) i9789023227380
040 _aPE-LiUPU
_bspa
_cPE-LiUPU
_erda
049 _aPRUA
082 0 4 _a222.406
_bF73
_221
100 1 _aFokkelman, J.P.,
_eautor.
245 1 0 _aNarrative art and poetry in the books of Samuel :
_ba full interpretation based on stylistic and structural analyses Vol. IV: Vow and desire (I Sam. 1-12).
_n4 /
_cJ. P. Fokkelman.
264 1 _aAssen, The Netherlands :
_bVan Gorcum,
_c1993.
300 _a651 páginas ;
_c24 centímetros.
336 _atext
_2rdacontent
337 _aunmediated
_2rdamedia
338 _avolume
_2rdacarrier
490 0 _aStudia semítica Neerlandica ;
_v31
504 _aBibliografía al pie de páginas.
505 0 _aI Sam. 1-4 --The decline of the old order, and the emergence of the new in embryo (2:12-36 -- The crossing fates: appointment versus dowfall -- I Sam. 5-7: The ark of the God of Israel weighs heavily -- I Sam.8-12: The people ask the prophet for a king -- Seeking and finding, on two sides -- Saul appointed king in public; he proves himself -- The definitive inauguration of the monarchy.
526 _aSEG42
526 _aSEG41
526 _aSEG40
526 _aSEG39
526 _aP94
526 _aP87
526 _aP86
526 _aP85
526 _aP77
526 _aP76
526 _aP35
630 _aBiblia.
_pA.T.
_pSamuel I
_xCrítica, interpretación, etc.
942 _2ddc
_cBOOK
949 _a222.406 F73 4
_wDEWEY
_c1
_i44734
_lCCODEBUL1
_mBUL
_r0
_sY
_tBOOK
_u2015-6-24
_xTEOLOGIA
_PP35
_0COMPRA
_o.STAFF. Colección General
994 _aC0
_bPEPRU
596 _a1
999 _a222.406 F73 4
_wDEWEY
_c21599
_i44734
_d21599
_e2017-9-15
_f2021-11-9
_g5
_lCCODEBUL1
_mBUL
_n1
_p30.00
_q1
_r0
_sY
_tBOOK
_u2015-6-24
_xTEOLOGIA
_PP35
_0COMPRA
_o.STAFF. Colección Teología
980 _81
_gALBERTO SANCHEZ Responsable de Automatización